Characters and events : Popular essays in social and political philosophy
Many of the earliest books, particularly those dating back to the 1900s and before, are now extremely scarce and increasingly expensive. We are republishing these classic works in affordable, high quality, modern editions, using the original text and artwork.
Đã lưu trong:
| 主要作者: | |
|---|---|
| 格式: | 图书 |
| 语言: | Undetermined |
| 出版: |
New York
Octagon Books
1929
|
| 主题: | |
| 标签: |
添加标签
没有标签, 成为第一个标记此记录!
|
| Thư viện lưu trữ: | Trung tâm Học liệu Trường Đại học Cần Thơ |
|---|
| LEADER | 00892nam a2200205Ia 4500 | ||
|---|---|---|---|
| 001 | CTU_218552 | ||
| 008 | 210402s9999 xx 000 0 und d | ||
| 082 | |a 191 | ||
| 082 | |b D519/Vol.1 | ||
| 100 | |a Dewey, John | ||
| 245 | 0 | |a Characters and events : | |
| 245 | 0 | |b Popular essays in social and political philosophy | |
| 245 | 0 | |c John Dewey ; Edited by Joseph Ratner | |
| 260 | |a New York | ||
| 260 | |b Octagon Books | ||
| 260 | |c 1929 | ||
| 520 | |a Many of the earliest books, particularly those dating back to the 1900s and before, are now extremely scarce and increasingly expensive. We are republishing these classic works in affordable, high quality, modern editions, using the original text and artwork. | ||
| 650 | |a Khoa học chính trị,Social sciences,Political science,Khoa học xã hội | ||
| 904 | |i Qhieu | ||
| 980 | |a Trung tâm Học liệu Trường Đại học Cần Thơ | ||